• 首页
  • 本馆介绍
  • 公告通知
  • 最新文献
  • 馆藏检索
  • 电子资源
  • 读者导购
  • 参考咨询
  • 我的图书馆
  • 登录
  • 详细信息显示
  • 放入我的书架
  • 预约/预借图书
  • 作者相关作品
  • 分类相关作品
  • 丛书相关作品
  • 出版社相关作品

书目信息

  • 表格格式
  • 工作单格式
  • 卡片格式
题名:
足球帅哥
    
 
作者: 于静 著
分册:  
出版信息: 北京   中国妇女出版社  2002
页数: 319页
开本: 20cm
丛书名:
单 册:
中图分类: K825.47=76 , K825.47
科图分类:
主题词: 足球运动--优秀运动员--生平事迹--中国--现代 , 足球运动 , 优秀运动员
电子资源:
ISBN: 7-80131-633-9
000 00765nam0 2200253 450
001 1575916337
005 20150123205830.57
010    @a7-80131-633-9@dCNY19.80
100    @a20020313d2002 em y0chiy0110 ea
101 0  @achi
102    @aCN@b110000
105    @aa z 000yd
200 1  @a足球帅哥@9zu qiu shuai ge@f于静著
210    @a北京@c中国妇女出版社@d2002
215    @a319页@c照片@d20cm
330    @a本书诠释了中国足球运动员的生活,从中可以看到一个个足球运动员的成长经历和生活里一些鲜为人知的故事。
606 0  @a足球运动@x优秀运动员@x生平事迹@y中国@z现代
606 0  @a足球运动
606 0  @a优秀运动员
690    @aK825.47=76@v5
690    @aK825.47@v4
701  0 @a于静@9yu jing@4著
801  0 @aCN@bTSSF@c20150123
905    @aZUCC@dK825.47@eJY135
    
    足球帅哥/于静著.-北京:中国妇女出版社,2002
    319页:照片;20cm
    
    
    ISBN 7-80131-633-9:CNY19.80
    本书诠释了中国足球运动员的生活,从中可以看到一个个足球运动员的成长经历和生活里一些鲜为人知的故事。
●
相关链接 在E读中查询图书 在五车中查询图书 在当当中查询图书 在豆瓣中查询图书


正题名:足球帅哥     索取号:K825.47/JY135         预约/预借

序号 登录号 条形码 馆藏地/架位号 状态 备注
1 7856140   278561405   学院路分馆/ [索取号:K825.47/JY135] 在馆    
2 7856141   278561414   学院路分馆/ [索取号:K825.47/JY135] 在馆    
唐山师范学院图书馆 欢迎您!
大连网信软件有限公司© 版权所有